Up and out of poverty (Record no. 587880)
[ view plain ]
| 000 -LEADER | |
|---|---|
| fixed length control field | 00356nam a22001337a 4500 |
| 020 ## - INTERNATIONAL STANDARD BOOK NUMBER | |
| International Standard Book Number | 9787119105550 |
| 082 ## - DEWEY DECIMAL CLASSIFICATION NUMBER | |
| Classification number | 335.4345 JIN |
| 245 ## - TITLE STATEMENT | |
| Title | Up and out of poverty |
| Statement of responsibility, etc. | Xi Jinping |
| 260 ## - PUBLICATION, DISTRIBUTION, ETC. | |
| Place of publication, distribution, etc. | Beijing : |
| Name of publisher, distributor, etc. | Foreign language Co. Ltd., |
| Date of publication, distribution, etc. | 2016. |
| 300 ## - PHYSICAL DESCRIPTION | |
| Extent | 223 p. ; |
| Dimensions | 23 cm. |
| 942 ## - ADDED ENTRY ELEMENTS (KOHA) | |
| Source of classification or shelving scheme | |
| Koha item type | Book |
| Withdrawn status | Lost status | Source of classification or shelving scheme | Damaged status | Not for loan | Permanent Location | Current Location | Date acquired | Total Checkouts | Full call number | Barcode | Date last seen | Price effective from | Koha item type | Public note |
|---|---|---|---|---|---|---|---|---|---|---|---|---|---|---|
| School of Civil and Environmental Engineering (SCEE) | School of Civil and Environmental Engineering (SCEE) | 02/15/2022 | 335.4345 JIN | NIT-13486 | 02/15/2022 | 02/15/2022 | Book | Chinese Donation |
